000 00507nam a2200169 i 4500
001 57840
003 ES-MaACL
005 20230906163648.0
007 t|
008 031020s1910 sp ||||1| spa d
100 1 _aDubois, Pablo.
_945778
245 1 3 _aLa educación de sí misma /
_cPablo Dubois ; traducción de E. Fernández Sanz.
260 _aMadrid :
_b[s.n.,
_c1910] (
_fJosé Alass y Cia.)
300 _a277 p. ;
_c18 cm.
700 1 _aFernández Sanz, Enrique.
_950080
852 _aES-MaACL
_jF-9297
999 _c57840
_d57840